000 00610nam a22001937a 4500
005 20140909113408.0
010 _aENG-110778
020 _a9788175416857
_c140.00
035 _aEN-94310
037 _bDBAD/PUB
082 _a418.00285
100 _aPranita Gopal
245 _aComputer assisted language learning /
_cby Pranita Gopal
260 _aDelhi
_bShipra Publications
_c2013
270 _aLG 18-19, Pankaj Central Market, I.P. Ext., Patparganj
_bDelhi
_e110092
300 _a172p.
_c22cm(pbk)
500 _aIncludes bibliographical references
942 _2ddc
_cEN
_h418.00285
_mPRA
999 _c88333
_d88333